00499 2200181 4500001002100000005001500021035002000036007000300056008004100059020001800100082001000118084001600128100001800144245008500162260004400247856001700291990000900308INLIS00000000000165020230216125430 a0010-0223000111ta230216 g 0 ind  a9789790500211 a959.8 a959.8 EKO s0 aEko Praptanto1 asejarah indonesia 7 : zaman kemerdekaan dan diplomasi mempertahankan kemerdekaan aJakarta :bBina sumber daya mipa,c2010 aKoleksi Umum a2891